|
|
|
|
| LEADER |
00000cam a2200000 a 4500 |
| 001 |
vtls009511793 |
| 003 |
SK-MaSNL |
| 005 |
20260301171257.0 |
| 008 |
240318s2009 xo d p 00000 slo |
| 020 |
|
|
|a 9788089078547
|q (brož.)
|
| 035 |
|
|
|a 6B0B35DB-D195-427B-A384-BA7503E342CC
|
| 035 |
|
|
|a urn:nbn:sk:snk-amktt0
|
| 035 |
|
|
|a urn:nbn:sk:snk-am004ri2
|
| 040 |
|
|
|a SNK
|b slo
|c SNK
|e AACR2
|
| 041 |
0 |
|
|a slo
|
| 044 |
|
|
|a xo
|c SK
|
| 072 |
|
7 |
|a 81
|x Lingvistika. Jazyky
|2 konspekt
|
| 072 |
|
7 |
|a 37.016
|x Učebné osnovy. Vyučovacie predmety. Učebnice
|2 konspekt
|
| 080 |
|
|
|a 612.789
|2 2001
|
| 080 |
|
|
|a 316.772.2
|2 001
|
| 080 |
|
|
|a (075.8)
|2 2001
|
| 080 |
|
|
|a (076.5)
|2 2001
|
| 080 |
|
|
|a 81'42
|2 2001
|
| 080 |
|
|
|a 81'355
|2 2001
|
| 100 |
1 |
|
|a Záborská, Alexandra,
|d 1950-
|4 aut
|9 436103
|
| 245 |
1 |
0 |
|a Technika reči 2
|p Praktické cvičenia
|c Alexandra Záborská
|
| 250 |
|
|
|a [1. vyd.]
|
| 260 |
|
|
|a Banská Bystrica
|b Akadémia umení, Fakulta múzických umení
|c 2009
|
| 300 |
|
|
|a 49 s.
|c 30 cm
|
| 366 |
|
|
|e 200 výtl.
|
| 490 |
1 |
|
|a Študijné texty
|
| 500 |
|
|
|a Na tit. strane uvedená Bratislava
|
| 504 |
|
|
|a Bibliogr. s. 48-49. Slovníček
|
| 650 |
0 |
7 |
|a reč
|2 SNKPH
|9 2174
|
| 650 |
0 |
7 |
|a technika reči
|2 SNKPH
|9 436104
|
| 650 |
0 |
7 |
|a verbálna komunikácia
|2 SNKPH
|9 1561
|
| 650 |
0 |
7 |
|a jazykový prejav
|2 SNKPH
|9 74271
|
| 650 |
0 |
7 |
|a výslovnosť
|2 SNKPH
|9 13487
|
| 655 |
|
7 |
|a učebnice vysokých škôl
|2 SNKPH
|9 70191
|
| 655 |
|
7 |
|a praktické cvičenia
|2 SNKPH
|9 70517
|
| 810 |
2 |
|
|a Akadémia umení v Banskej Bystrici.
|b Fakulta múzických umení.
|t Študijné texty
|9 227544
|
| 852 |
|
|
|a Akadémia umení v Banskej Bystrici
|
| 919 |
|
|
|a 978-80-89078-54-7
|
| 958 |
|
|
|a NB
|
| 958 |
|
|
|a MI
|
| 968 |
|
|
|d 61
|
| 999 |
|
|
|c 830321
|d 832251
|
| 952 |
|
|
|a SNK
|b SNK
|y PREZ
|7 0
|p 17A0625594
|o snkSB 68031/2
|i snk2009/12953
|8 0
|0 0
|1 0
|4 0
|d 2009-07-17
|l 0
|r 2025-04-16 00:00:00
|w 2026-02-24
|
| 952 |
|
|
|a SNK
|b SNK
|y VYP
|7 0
|p 17A0625595
|o snkSB 68031/2 D1
|i snk2009/12954
|8 0
|0 0
|1 0
|4 0
|d 2009-07-17
|l 0
|r 2026-02-24 03:35:52
|w 2026-02-24
|